000 00973nam a2200241Ia 4500
003 Ost
005 20260507075052.0
008 260507s9999||||xx |||||||||||||| ||und||
020 _a9957400134
040 _cfsecg
041 _aara
082 _a657.835
100 _aالحسيني، قاسم ابراهيم
_eمؤلف
245 0 _aالمحاسبة الحكومية والموازنة العامة للدولة /
_c قاسم ابراهيم الحسيني
260 _aعمان:
_bمؤسسة الوراق,
_c1999
300 _a205 صفحة؛
_bإيضاحات ؛
_c24 سم
504 _aالمراجع ص.203
520 _aالإطار النظري للمحاسبة الحكومية، الموازنة العامة للدولة، تطبيقات عملية للنظام المحاسبي الحكومي
653 _aالإدارة المالية
653 _aالمحاسبة الحكومية
653 _aالميزانية العامة
942 _cكتاب
999 _c42670
_d42670